000 00995nam a2200277 a 4500
001 BRCA_6954
005 20190320205646.0
008 181111s1928----u--a######---#000-0#eng-#
041 _aeng
044 _au
050 4 _aND541
_b.L38 1928
100 1 _aBourgeois, Stephan
_917331
245 1 0 _aThe Adolph Lewisohn collection of modern French paintings and sculptures
_bwith an essay on French painting during the nineteenth century and notes on each artist´s life and works
_cby Stephan Bourgeois
260 _aNueva York
_bE. Weyhe
_c1928
300 _axiii, 254 p.
_bil., 68 láminas
_c32 cm.
500 _aO191
600 1 4 _aLewisohn, Adolph
_d1849-1938
_917332
650 1 4 _aPinturas
_xColecciones particulares
_910387
650 1 4 _aPinturas francesas
_917333
650 1 4 _aPintores franceses
_97726
650 1 4 _aEscultura
_xColecciones particulares
_910388
650 1 4 _aEscultura francesa
_917334
650 1 4 _aColeccionistas y colecciones
_917335
902 _aGFM
942 _2lcc
_cB
999 _c6636
_d6636